Fyzika
Enregistré dans:
| Auteur principal: | |
|---|---|
| Autres auteurs: | , |
| Format: | Livre |
| Langue: | slovaque tchèque |
| Publié: |
Bratislava
Fragment
2008
|
| Édition: | 1. vyd. |
| Collection: | Krok za krokom k maturite
|
| Sujets: | |
| Accès en ligne: | Voir à l'OPAC |
| Tags: |
Pas de tags, Soyez le premier à ajouter un tag!
|
MARC
| LEADER | 00000nam a2200000 a 4500 | ||
|---|---|---|---|
| 005 | 20260127134218.0 | ||
| 008 | 160610s2008 xo l e 000 0 slo | ||
| 015 | |a SNBA2008/09-04101 | ||
| 020 | |a 9788080891749 (brož.) | ||
| 035 | |a vtls009284777 | ||
| 035 | |a 10B2A5A3-4757-4C84-A499-211187DA43AD | ||
| 035 | |a urn:nbn:sk:snk-aml7cs | ||
| 035 | |a urn:nbn:sk:snk-am008tpt | ||
| 039 | 9 | |a 201708151100 |b mpppk02 |c 201606101738 |d VLOAD |c 201209141138 |d mschk03 |c 200904031408 |d mtotk01 |y 200804140924 |z msnk12 | |
| 040 | |a SNK |b slo |c SNK |d STUSCHK1 |e AACR2 | ||
| 041 | 1 | |a slo |h cze | |
| 044 | |a xo |c SK | ||
| 072 | 7 | |a 53 |x Fyzika |2 konspekt | |
| 080 | |a 53 |2 2001 | ||
| 080 | |a 373.5.016 |2 2001 | ||
| 080 | |a (035) |2 2001 | ||
| 100 | 1 | |a Lank, Vladimír | |
| 240 | 1 | 0 | |a Fyzika v kostce |l Slovensky |
| 245 | 1 | 0 | |a Fyzika |c Vladimír Lank, Miroslav Vondra ; [z českého originálu preložila Tatiana Laliková ; ilustrácie Pavel Kantorek] |
| 250 | |a 1. vyd. | ||
| 260 | |a Bratislava |b Fragment |c 2008 | ||
| 300 | |a 184 s. |b sch., ilustr. |c 24 cm | ||
| 490 | 1 | |a Krok za krokom k maturite | |
| 500 | |a Reg. | ||
| 650 | 0 | 7 | |a fyzika |2 SNKPH |
| 650 | 0 | 7 | |a učivo stredných škôl |2 SNKPH |
| 655 | 7 | |a príručky |2 SNKPH | |
| 700 | 1 | |a Laliková, Tatiana |4 trl | |
| 700 | 1 | |a Kantorek, Pavel |4 ill | |
| 830 | 0 | |a Krok za krokom k maturite | |
| 910 | |a snk | ||
| 910 | |a savuk | ||
| 910 | |a totk | ||
| 910 | |a SCHK95 | ||
| 910 | |a pppk | ||
| 919 | |a 978-80-8089-174-9 | ||
| 958 | |a OP | ||
| 968 | |b ČES |d 53+54 | ||
| 980 | |a 53 |x (035) |2 2001 | ||
| 999 | |c 6850 |d 6850 | ||